00971 a2200217 4500003000500000005001700005040000900022082001000031100004100041245013800082260004300220300001500263505018600278538003100464650001400495651001100509942000800520999001900528952010400547952010200651Nust20170207153157.0 cNust a005.8 aShah, Syed Tahir Hussain (MSIS-2) aEvaluation of different symmetric key cryptographic algorithms and design a new data encryption algorithmcSyed Tahir Hussain Shah  bMCS (NUST)cFebruary, 2006aRawalpindi avii,66, p. aIntroduction (page-1) The early cryptographic algorithms (page-4) The recent cryptographic algorithms (page-32) The proposed data encryption algorithm (page-53) Conclusion (page-64) aAlmirah No. 70 Shelf No. 3 aPG Thesis aMSIS-2 cTHS c180798d180798 00102ddc40708NFICaMCSbMCSd2016-12-12l0o005.8 TAHpMCSTIS-123r2016-12-08w2016-12-12yBK 00102ddc40708NFICaMCSbMCSd2016-12-12l0o005.8 TAHpMCSTIS-9r2016-12-08w2016-12-12yBK